000
00336pam a2200157a 44500
008
230515b1900 xxu||||| |||| 00| 0 eng d
020
_a
NULL
041
_a
SANSKRIT
082
_a
1
100
_a
BHATACHRYA
245
_a
ASTANGSANGRAH
250
_a
1
260
_a
SANGLI
_b
N.D.
_c
1900
300
_a
100
650
_a
ASTANGSANGRAH
999
_c
496994
_d
496994